[Event "RUS-ch 1L (Women)"]
[Site "Protvino"]
[Date "2000.??.??"]
[Round "8"]
[White "Lartseva, Svtlana"]
[Black "Sokolova, Marina"]
[Result "1-0"]
[WhiteElo "2054"]
[BlackElo "2165"]
[PlyCount "41"]
[EventDate "2000.??.??"]
[EventType "swiss"]
[EventRounds "9"]
[EventCountry "RUS"]
[SourceTitle "EXT 2006"]
[Source "ChessBase"]
[SourceDate "2005.11.24"]
[SourceVersion "1"]
[SourceVersionDate "2005.11.24"]
[SourceQuality "1"]

1. d4 Nf6 2. c4 g6 3. Nc3 Bg7 4. e4 d6 5. f3 0-0 6. Bg5 Ne8 7. Qd2 Nd7 8. h4 Ndf6 9. g4 h5 10. Be2 Bd7 11. 0-0-0 c5 12. dxc5 Qc7 13. gxh5 gxh5 14. cxd6 Qxd6 15. Qe3 Qe5 16. Bf4 Qa5 17. e5 Nh7 18. Rxd7 e6 19. Nh3 Kh8 20. Rg1 Qa6 21. Bh6 1-0

[Event "RUS-ch 1L (Women)"]
[Site "Protvino"]
[Date "2000.??.??"]
[Round "7"]
[White "Sokolova, Marina"]
[Black "Kudina, Irina"]
[Result "0-1"]
[WhiteElo "2165"]
[BlackElo "2169"]
[PlyCount "106"]
[EventDate "2000.??.??"]
[EventType "swiss"]
[EventRounds "9"]
[EventCountry "RUS"]
[SourceTitle "EXT 2006"]
[Source "ChessBase"]
[SourceDate "2005.11.24"]
[SourceVersion "1"]
[SourceVersionDate "2005.11.24"]
[SourceQuality "1"]

1. d4 Nf6 2. c4 g6 3. Nc3 Bg7 4. e4 d6 5. f3 0-0 6. Be3 Nc6 7. Qd2 Re8 8. Bd3 Nb4 9. Be2 Nd7 10. g4 e5 11. d5 Nc5 12. h4 c6 13. 0-0-0 Nxa2+ 14. Kb1 Nxc3+ 15. Qxc3 cxd5 16. Bxc5 dxc5 17. cxd5 Qb6 18. h5 g5 19. Nh3 h6 20. Nf2 Bd7 21. Nd3 Rac8 22. Rc1 c4 23. Nb4 Qd6 24. Bxc4 b5 25. Qb3 bxc4 26. Rxc4 Rxc4 27. Qxc4 Rc8 28. Nc6 Bxc6 29. dxc6 Rxc6 30. Qe2 Ra6 31. Rd1 Qe6 32. Rd5 Qc6 33. Qb5 Qxb5 34. Rxb5 Rd6 35. Ra5 a6 36. Kc2 Kf8 37. b4 Bf6 38. Kc3 Ke7 39. Kc4 Ke6 40. b5 axb5+ 41. Rxb5 Bd8 42. Kc5 Rd3 43. Rb8 Be7+ 44. Kc4 Rxf3 45. Rh8 Re3 46. Rxh6+ Bf6 47. Rh7 Rxe4+ 48. Kd3 Rxg4 49. h6 Ke7 50. Rg7 Bxg7 51. hxg7 Rd4+ 52. Ke3 Rd8 53. Ke4 Ke6 0-1

[Event "RUS-ch 1L (Women)"]
[Site "Protvino"]
[Date "2000.??.??"]
[Round "2"]
[White "Sokolova, Marina"]
[Black "Shaydullina, Sandugach"]
[Result "0-1"]
[WhiteElo "2165"]
[BlackElo "2205"]
[PlyCount "56"]
[EventDate "2000.??.??"]
[EventType "swiss"]
[EventRounds "9"]
[EventCountry "RUS"]
[SourceTitle "EXT 2006"]
[Source "ChessBase"]
[SourceDate "2005.11.24"]
[SourceVersion "1"]
[SourceVersionDate "2005.11.24"]
[SourceQuality "1"]

1. d4 d5 2. c4 c6 3. Nc3 Nf6 4. Nf3 e6 5. Bg5 h6 6. Bh4 dxc4 7. e4 g5 8. Bg3 b5 9. Be5 Nbd7 10. a4 Bb4 11. Qc2 Nxe5 12. Nxe5 Bb7 13. Nf3 a6 14. Rd1 Qa5 15. Nd2 Rd8 16. e5 Nd5 17. Nde4 Ke7 18. Be2 c5 19. dxc5 Nxc3 20. Nxc3 Rxd1+ 21. Bxd1 Bxg2 22. Rg1 Bc6 23. axb5 axb5 24. Kf1 Rd8 25. Bh5 Bxc3 26. bxc3 Qa1+ 27. Ke2 Qxg1 28. h3 Rd3 0-1

[Event "Schellenberg op"]
[Site "Schellenberg"]
[Date "1991.??.??"]
[Round "2"]
[White "Espig, Lutz"]
[Black "Sokolova, Marina"]
[Result "1-0"]
[WhiteElo "2440"]
[BlackElo "2150"]
[PlyCount "101"]
[EventDate "1991.05.??"]
[EventType "swiss"]
[EventRounds "9"]
[EventCountry "LIE"]
[SourceTitle "TD"]
[Source "ChessBase"]
[SourceDate "1994.03.01"]
[SourceVersion "1"]
[SourceVersionDate "1994.03.01"]
[SourceQuality "1"]

1. Nf3 d5 2. g3 Nf6 3. Bg2 c6 4. b3 Bf5 5. Bb2 Nbd7 6. 0-0 e6 7. d3 Bc5 8. Nbd2 0-0 9. Qe1 Qc7 10. e4 dxe4 11. dxe4 Bg6 12. Nh4 Bh5 13. Kh1 e5 14. Nc4 b5 15. Ne3 Qb6 16. Nhf5 a5 17. a3 Rfe8 18. f3 Bf8 19. Rd1 Qc7 20. Rf2 Red8 21. Rfd2 Ne8 22. Rd3 Ndf6 23. Bxe5 Qxe5 24. Rxd8 Rxd8 25. Rxd8 Bxa3 26. Qxa5 Bc5 27. f4 Qb2 28. Qe1 Kf8 29. e5 Nd5 30. Nxd5 cxd5 31. Nd6 f5 32. Nxe8 Bxe8 33. Qd1 Qc3 34. Rxd5 Bb6 35. Rxb5 Bxb5 36. Qd6+ Ke8 37. Qxb6 Bd7 38. Qf2 g5 39. fxg5 Qa1+ 40. Qf1 Qxe5 41. Bf3 Kf7 42. Kg2 Kg6 43. Qd3 Be6 44. h4 Kg7 45. b4 Qb2 46. b5 Qb4 47. Qe3 Bf7 48. b6 Bc4 49. b7 Qb2 50. Qf2 Qb5 51. Qd4+ 1-0

[Event "Moscow (Women)"]
[Site "Moscow"]
[Date "1990.??.??"]
[Round "?"]
[White "Prudnikova, Svetlana"]
[Black "Sokolova, Marina"]
[Result "1-0"]
[WhiteElo "2265"]
[BlackElo "2180"]
[PlyCount "89"]
[EventDate "1990.??.??"]
[EventType "swiss"]
[EventRounds "9"]
[EventCountry "URS"]
[SourceTitle "TD"]
[Source "ChessBase"]
[SourceDate "1994.03.01"]
[SourceVersion "1"]
[SourceVersionDate "1994.03.01"]
[SourceQuality "1"]

1. d4 Nf6 2. c4 d6 3. Nc3 e5 4. Nf3 Nc6 5. d5 Ne7 6. e4 g6 7. c5 Bg7 8. cxd6 cxd6 9. Be2 0-0 10. 0-0 Bd7 11. Qb3 b6 12. a4 Ne8 13. a5 bxa5 14. Bb5 Rb8 15. Qc4 Bg4 16. Nd2 Nc7 17. Ba4 Bc8 18. Qa2 Ba6 19. Re1 f5 20. Bc2 Bh6 21. b3 Nb5 22. Nxb5 Bxb5 23. Qxa5 Qxa5 24. Rxa5 Rfc8 25. Ra2 a6 26. Bb1 Rc3 27. Ba3 Rb6 28. Nf3 fxe4 29. Nxe5 Nxd5 30. Ng4 Bg7 31. Bxe4 Nf4 32. g3 Nd3 33. Bd5+ Kf8 34. Re3 Nc5 35. Rxc3 Bxc3 36. Rc2 Bd4 37. b4 Nd7 38. Rc8+ Ke7 39. Bc1 Nf6 40. Nxf6 Bxf6 41. Be3 Bd7 42. Rc7 Rb8 43. Bc6 Rc8 44. Rxd7+ Ke6 45. Ba4 1-0

[Event "Moscow (Women)"]
[Site "Moscow"]
[Date "1990.??.??"]
[Round "?"]
[White "Sokolova, Marina"]
[Black "Zaitseva, Ludmila G"]
[Result "0-1"]
[WhiteElo "2180"]
[BlackElo "2355"]
[PlyCount "66"]
[EventDate "1990.??.??"]
[EventType "swiss"]
[EventRounds "9"]
[EventCountry "URS"]
[SourceTitle "TD"]
[Source "ChessBase"]
[SourceDate "1994.03.01"]
[SourceVersion "1"]
[SourceVersionDate "1994.03.01"]
[SourceQuality "1"]

1. d4 e6 2. Nf3 f5 3. g3 Nf6 4. Bg2 d5 5. 0-0 Bd6 6. c4 c6 7. Nc3 0-0 8. Bf4 Bxf4 9. gxf4 Bd7 10. Ne5 Be8 11. e3 Nbd7 12. cxd5 exd5 13. b4 Ne4 14. Nxe4 fxe4 15. Rc1 Rf6 16. f3 Bh5 17. Qe1 exf3 18. Bxf3 Rh6 19. b5 Bxf3 20. Rxf3 cxb5 21. Qe2 a6 22. Rg3 Nf6 23. Qc2 Qe7 24. Qc7 Re8 25. Rg2 Rh3 26. Qa5 Nh5 27. Rc7 Qf6 28. Qd2 Qf5 29. Rxb7 Qe4 30. Re2 Ng3 31. Rg2 Nf5 32. Ng4 Qb1+ 33. Kf2 Rc8 0-1

[Event "Moscow (Women)"]
[Site "Moscow"]
[Date "1990.??.??"]
[Round "?"]
[White "Titorenko, Natalia I"]
[Black "Sokolova, Marina"]
[Result "0-1"]
[WhiteElo "2090"]
[BlackElo "2180"]
[PlyCount "70"]
[EventDate "1990.??.??"]
[EventType "swiss"]
[EventRounds "9"]
[EventCountry "URS"]
[SourceTitle "TD"]
[Source "ChessBase"]
[SourceDate "1994.03.01"]
[SourceVersion "1"]
[SourceVersionDate "1994.03.01"]
[SourceQuality "1"]

1. d4 Nf6 2. Nf3 g6 3. g3 Bg7 4. Bg2 0-0 5. 0-0 d6 6. c4 Nbd7 7. Nc3 c6 8. Rb1 e5 9. dxe5 dxe5 10. h3 Qe7 11. e4 Nc5 12. Ne1 Rd8 13. Qc2 Ne6 14. Be3 Nd4 15. Qa4 Be6 16. Kh2 a6 17. Nd3 b5 18. cxb5 axb5 19. Qb4 Qc7 20. Nc5 Bc4 21. Rfc1 Bf8 22. b3 Qa7 23. bxc4 Bxc5 24. Qb2 Ba3 25. Qd2 b4 26. Nd1 Bxc1 27. Qxc1 Qa3 28. Bg5 Qxc1 29. Rxc1 Kg7 30. Ne3 Rxa2 31. Rb1 b3 32. Kg1 h6 33. Bxf6+ Kxf6 34. f4 b2 35. Ng4+ Kg7 0-1